00422cam a2200157ua 45000010005000000080039000050400009000440820013000531000037000662450044001032500009001472600056001563000016002126530019002286530017002472687110909n enk |||gr||||Z||||||asm cMAIN a891.4512 aAgarwalla, Jyotiprasad,eAuthor.11aNimati kainacby Jyotiprasad Agarawalla a2nd. aGuahati:bSecretary publication board assam,c2008. a52p:c23cm. aAssamese drama aNimati kaina